000 00603nam a2200241 i 4500
001 C2-0289287
003 PPAK
005 20180728022138.0
008 080813s1982 nyu |||| ||||| | eng d
020 _a0452263492
040 _aPPAK
_beng
_cPPAK
_erda
082 0 4 _a823
_223
090 0 0 _a823
_bMOR
_dLCK
100 1 _aMorrison, Toni,
_eauthor
245 1 0 _aSula
264 1 _aNew York :
_bA Plume Book ,
_c1982
300 _a174 pages ;
_c20 cm
336 _2rdacontent
_atext
337 _2rdamedia
_aunmediated
338 _2rdacarrier
_avolume
650 1 0 _aEnglish fiction
942 _ddc
_cB
999 _c94770
_d94770